Los reglamentos de las Cámaras Legislativas y el Sistema de Comisiones / (Record no. 97410)

MARC details
000 -LEADER
campo de control de longitud fija 00616nam a2200181 i 4500
001 - NÚMERO DE CONTROL
campo de control 97410
003 - IDENTIFICADOR DE NÚMERO DE CONTROL
campo de control ES-MaACL
005 - FECHA Y HORA DE LA ÚLTIMA TRANSACCIÓN
campo de control 20251011063118.0
007 - CAMPO FIJO DE DESCRIPCIÓN FÍSICA--INFORMACIÓN GENERAL
campo de control de longitud fija t|
008 - DATOS DE LONGITUD FIJA--INFORMACIÓN GENERAL
campo de control de longitud fija 050712s1947 sp ||||1| spa d
100 1# - ENTRADA PRINCIPAL--NOMBRE DE PERSONA
Nombre de persona Maravall, José Antonio,
Fechas asociadas al nombre 1911-1986
9 (RLIN) 76329
245 14 - MENCIÓN DEL TÍTULO
Título Los reglamentos de las Cámaras Legislativas y el Sistema de Comisiones /
Mención de responsabilidad, etc. José Antonio Maravall.
260 ## - PUBLICACIÓN, DISTRIBUCIÓN, ETC.
Lugar de publicación, distribución, etc. Madrid :
Nombre del editor, distribuidor, etc. Instituto de Estudios Políticos,
Fecha de publicación, distribución, etc. 1947.
300 ## - DESCRIPCIÓN FÍSICA
Extensión 181 p. ;
Dimensiones 16 cm.
710 2# - ENTRADA AGREGADA--NOMBRE DE ENTIDAD CORPORATIVA
Nombre de entidad corporativa o nombre de jurisdicción como elemento de entrada Instituto de Estudios Políticos (Madrid)
9 (RLIN) 4924
852 ## - LOCALIZACIÓN
Ubicación ES-MaACL
Número de control de estantería C-4918
Sublocalización o colección R.25488
Holdings
Estatus retirado Estado de pérdida Estado de daño No para préstamo Biblioteca de origen Biblioteca actual Ubicación en estantería Fecha de adquisición Fuente de adquisición Total de préstamos Signatura topográfica completa Código de barras Visto por última vez Precio de reemplazo Tipo de ítem Koha
        Biblioteca del Ateneo de Madrid Biblioteca del Ateneo de Madrid Sala Palomar 17/01/2008     C-4918 1101691 23/02/2023 23/02/2023 Libro impreso